Inovácia produktu spoločného stravovania bakalárska práca

Enregistré dans:
Détails bibliographiques
Auteur principal: Karailievová, Iveta
Collectivité auteur: Obchodná fakulta EU. Katedra služieb a cestovného ruchu - zrušené
Autres auteurs: Staňo, Roman
Format: Livre
Langue:slovaque
Publié: Bratislava 2011
Tags: Ajouter un tag
Pas de tags, Soyez le premier à ajouter un tag!

MARC

LEADER 00000nbm a2200000 4500
001 0132026
005 20161109111427.0
041 0 |a slo 
044 |a SK 
245 1 0 |a Inovácia produktu spoločného stravovania  |b bakalárska práca  |c Iveta Karailievová ; školiteľ: Roman Staňo 
264 1 |a Bratislava  |c 2011 
300 |a 57 s. 
100 1 |a Karailievová, Iveta 
700 1 |a Staňo, Roman 
710 2 |a Obchodná fakulta EU. Katedra služieb a cestovného ruchu - zrušené